000
00237nam a2200097Ia 4500
001
1077729
005
20250827002321.0
008
250824s9999 xx 000 0 und d
245
0
_a
ÇİFTE DIPPER
_c
DERYA DİNÇ
260
_b
BETA YAYINLARI
999
_c
1077729
_d
1077729